Shehpar / شہپر (Record no. 534188)

000 -LEADER
fixed length control field 00322nam a22001337a 4500
020 ## - INTERNATIONAL STANDARD BOOK NUMBER
International Standard Book Number 978-9693509588
040 ## - CATALOGING SOURCE
Transcribing agency MSOHAIL
082 ## - DEWEY DECIMAL CLASSIFICATION NUMBER
Classification number 891.4393
100 ## - MAIN ENTRY--PERSONAL NAME
Personal name Mustansar Hussain Tarar
9 (RLIN) 9703
245 ## - TITLE STATEMENT
Title Shehpar / شہپر
260 ## - PUBLICATION, DISTRIBUTION, ETC.
Place of publication, distribution, etc. Lahore
Name of publisher, distributor, etc. Sang-E-Meel Publications
Date of publication, distribution, etc. c2007
300 ## - PHYSICAL DESCRIPTION
Extent 150;p
942 ## - ADDED ENTRY ELEMENTS (KOHA)
Source of classification or shelving scheme
Koha item type Book
Holdings
Withdrawn status Lost status Source of classification or shelving scheme Damaged status Not for loan Permanent Location Current Location Date acquired Total Checkouts Full call number Barcode Date last seen Date last checked out Price effective from Koha item type
          School of Civil and Environmental Engineering (SCEE) School of Civil and Environmental Engineering (SCEE) 02/07/2020 1 891.4393 NIT-9680 09/19/2023 02/02/2023 02/07/2020 Book
© 2023 Central Library, National University of Sciences and Technology. All Rights Reserved.